Riconosci il Pokémon - Quiz n°1001 - Statistics

Statistiche generali
  • Questo quiz è stato fatto 0 volte
  • Il punteggio medio è 0 su 10
Statistiche sulle risposte
Indizio Risposta % Corretto
Peso 120,0 kg
0%
Altezza 2,0 m
0%
Tasso di cattura 25 (7.7%)
0%
Sesso 50% ♂, 50% ♀
0%
Abilità Agonismo; Generale Supremo; Pressione
0%
Tipo Buio / Acciaio
0%
Pokémon Kingambit
0%
Tasso di allevamento Medio-Veloce
0%
Generazione Nona
0%
Stadio evoluzione Seconda evoluzione
0%
Nessun quiz corrispondente trovato
Distribuzione punteggi
Percentuale di utenti per punteggio
Percentile per numero di risposta
I tuoi punteggi nel tempo
Non hai fatto questo quiz